[Event "17. Int. Offene Wiener Schachmeisterschaft 2011 A-
[Site "Grosser Festsaal im Wiener Rathaus"]
[Date "2011.08.14"]
[Round "2"]
[Board "1"]
[White "Farago, Ivan"]
[Black "Wagner, Stefan"]
[Result "1-0"]
[WhiteElo "2485"]
[BlackElo "2194"]
[PlyCount "37"]
[EventDate "2011.08.13"]
[EventRounds "9"]
[EventCountry "AUT"]

1.d4 Nf6 2.c4 e6 3.Nf3 b6 4.g3 Ba6 5.Qa4 c5 6.Bg2 Bb7 7.dxc5 bxc5 8.O-O Be7
9.Nc3 O-O 10.Rd1 Qb6 11.Bf4 d6 12.Rab1 Rd8 13.b4 cxb4 14.Rxb4 Qc6 15.Qb3 Na6
16.Rxb7 Nc5 17.Nd4 Qe8 18.Rxe7 Qxe7 19.Qc2 1-0

[Event "17. Int. Offene Wiener Schachmeisterschaft 2011 A-
[Site "Grosser Festsaal im Wiener Rathaus"]
[Date "2011.08.14"]
[Round "2"]
[Board "1"]
[White "Kizilkaya, Mehmet"]
[Black "Fauland, Alexander"]
[Result "0-1"]
[WhiteElo "2192"]
[BlackElo "2477"]
[PlyCount "61"]
[EventDate "2011.08.13"]
[EventRounds "9"]
[EventCountry "AUT"]

1.e4 c6 2.d4 g6 3.Nf3 Bg7 4.Nc3 d6 5.Bc4 Nf6 6.Bb3 O-O 7.O-O Bg4 8.h3 Bxf3
9.Qxf3 Nbd7 10.Bg5 Qa5 11.Qe3 c5 12.dxc5 Nxc5 13.Rfe1 Rfe8 14.Qf4 Rac8 15.Qh4 b5
16.e5 dxe5 17.Rxe5 b4 18.Nd5 Nxd5 19.Rxd5 e6 20.Rd2 Bxb2 21.Rad1 Bc3 22.Rd6 Nxb3
23.axb3 Qf5 24.R1d3 Be5 25.Rd7 Rxc2 26.Rf3 Re2 27.Kf1 Qc2 28.Rfxf7 h5 29.g4 Qe4
30.Be3 Rb2 31.Rd2 0-1

[Event "17. Int. Offene Wiener Schachmeisterschaft 2011 A-
[Site "Grosser Festsaal im Wiener Rathaus"]
[Date "2011.08.14"]
[Round "2"]
[Board "1"]
[White "Rau, Hannes"]
[Black "Shteinberg, Vladimir"]
[Result "1-0"]
[WhiteElo "2448"]
[BlackElo "2177"]
[PlyCount "82"]
[EventDate "2011.08.13"]
[EventRounds "9"]
[EventCountry "AUT"]

1.d4 Nf6 2.c4 e6 3.Nc3 Bb4 4.Qc2 c5 5.dxc5 O-O 6.a3 Bxc5 7.Nf3 Nc6 8.b4 Nd4
9.Nxd4 Bxd4 10.e3 Be5 11.Bb2 b6 12.Be2 Bb7 13.O-O d5 14.Rfd1 Qc7 15.f4 Bxc3
16.Bxc3 dxc4 17.Be5 Qc6 18.Bxc4 Rfd8 19.b5 Rxd1+ 20.Rxd1 Qc5 21.Bxf6 gxf6 22.Qb3
Rc8 23.Rd4 Qh5 24.Qd3 Qg4 25.Qd2 Qf5 26.h3 Qc5 27.a4 Qa3 28.Kh2 Rc7 29.f5 exf5
30.Qf2 Qe7 31.Qg3+ Kh8 32.Bxf7 Rc8 33.Bd5 Bxd5 34.Rxd5 Rc5 35.Rxc5 bxc5 36.Qb8+
Kg7 37.a5 c4 38.b6 axb6 39.axb6 Kh6 40.b7 c3 41.Qf4+ Kg7 1-0

[Event "17. Int. Offene Wiener Schachmeisterschaft 2011 A-
[Site "Grosser Festsaal im Wiener Rathaus"]
[Date "2011.08.14"]
[Round "2"]
[Board "1"]
[White "Renner, Christoph"]
[Black "Ammerlaan, Richard"]
[Result "1/2-1/2"]
[WhiteElo "2434"]
[BlackElo "2191"]
[PlyCount "110"]
[EventDate "2011.08.13"]
[EventRounds "9"]
[EventCountry "AUT"]

1.d4 d5 2.Bg5 Nd7 3.e3 Ngf6 4.c4 e6 5.cxd5 exd5 6.Nc3 c6 7.Bd3 Be7 8.Qc2 O-O
9.Nf3 Re8 10.O-O Nf8 11.Rab1 Ng4 12.Bxe7 Qxe7 13.b4 Ng6 14.b5 Nh4 15.Nxh4 Qxh4
16.h3 Nh6 17.Rfe1 Bxh3 18.gxh3 Qxh3 19.Bf1 Qh5 20.Bg2 Ng4 21.bxc6 bxc6 22.Nd1
Re6 23.Qe2 Rg6 24.Qf3 Qh2+ 25.Kf1 Qd6 26.Ke2 Qa3 27.Rb2 h5 28.Rh1 Rf6 29.Qg3
Rxf2+ 30.Nxf2 Qxb2+ 31.Kf3 Nxe3 32.Qf4 Nc2 33.Rd1 Re8 34.Bf1 Qc3+ 35.Bd3 Nxd4+
36.Kg2 Ne6 37.Qf3 Qe5 38.Nh3 g6 39.Rf1 Re7 40.Kh1 Ng5 41.Qg2 Nxh3 42.Qxh3 Kg7
43.Rc1 Qg5 44.Rg1 Re3 45.Qh2 Qe5 46.Qxe5+ Rxe5 47.Rc1 Re3 48.Bf1 Ra3 49.Rxc6
Rxa2 50.Ba6 Kh6 51.Rd6 h4 52.Bb5 Kg5 53.Be8 Kg4 54.Rxd5 Ra1+ 55.Kh2 Ra2+ 1/2-1/2

[Event "17. Int. Offene Wiener Schachmeisterschaft 2011 A-
[Site "Grosser Festsaal im Wiener Rathaus"]
[Date "2011.08.14"]
[Round "2"]
[Board "1"]
[White "Knitl, Anton"]
[Black "Diermair, Andreas"]
[Result "0-1"]
[WhiteElo "2188"]
[BlackElo "2432"]
[PlyCount "78"]
[EventDate "2011.08.13"]
[EventRounds "9"]
[EventCountry "AUT"]

1.d4 d5 2.Nf3 Nf6 3.c4 e6 4.Bg5 h6 5.Bxf6 Qxf6 6.Nbd2 Nd7 7.e3 g6 8.Bd3 Bg7
9.O-O O-O 10.Qc2 c6 11.e4 e5 12.cxd5 cxd5 13.exd5 exd4 14.Ne4 Qf5 15.d6 Nb6
16.Rad1 Qd5 17.h3 Bf5 18.Ng3 Bxd3 19.Rxd3 Rfd8 20.Rfd1 Qxa2 21.Nxd4 Rxd6 22.Ne4
Rd7 23.Nc3 Qc4 24.Ndb5 Rxd3 25.Rxd3 a6 26.Nd6 Qc7 27.Qb3 Bxc3 28.bxc3 Rd8 29.Qd1
Nc8 30.Ne4 Rxd3 31.Qxd3 Qe5 32.Qd8+ Kg7 33.Qxc8 Qxe4 34.Qc5 Qc6 35.Qe5+ Qf6
36.Qc5 b6 37.Qc4 a5 38.g3 Qe5 39.Kh2 Qc5 0-1

[Event "17. Int. Offene Wiener Schachmeisterschaft 2011 A-
[Site "Grosser Festsaal im Wiener Rathaus"]
[Date "2011.08.14"]
[Round "2"]
[Board "1"]
[White "Poetz, Florian"]
[Black "Lacrosse, Marc"]
[Result "1-0"]
[WhiteElo "2416"]
[BlackElo "2185"]
[PlyCount "107"]
[EventDate "2011.08.13"]
[EventRounds "9"]
[EventCountry "AUT"]

1.e4 e5 2.Nf3 Nc6 3.Bb5 a6 4.Ba4 Nf6 5.O-O Nxe4 6.d4 b5 7.Bb3 d5 8.dxe5 Be6 9.c3
Bc5 10.Qd3 f6 11.exf6 Qxf6 12.Bxd5 O-O-O 13.Qxe4 Bxd5 14.Qg4+ Rd7 15.Nbd2 Re8
16.a4 b4 17.c4 Bxf3 18.Nxf3 Nd4 19.Nxd4 Qxd4 20.Qg3 Qxc4 21.Bf4 Rf8 22.Be3 Bxe3
23.Qxe3 Qd4 24.Qe6 Rf6 25.Qg8+ Kb7 26.Qxh7 Qd3 27.Qh5 Rh6 28.Qe8 Qd6 29.Qe4+ c6
30.g3 Qd4 31.Rfe1 Qxe4 32.Rxe4 a5 33.Rae1 Kb6 34.h4 Rhd6 35.h5 Rd2 36.R1e2 Rxe2
37.Rxe2 c5 38.Kg2 c4 39.Kf3 b3 40.g4 Kc5 41.g5 Kb4 42.Re4 Rd2 43.g6 Kc5 44.Re7
Rd6 45.Rxg7 c3 46.Rc7+ Rc6 47.Rxc6+ Kxc6 48.bxc3 b2 49.g7 b1=Q 50.g8=Q Qf5+
51.Kg3 Qxh5 52.Qc4+ Kb7 53.Qe4+ Ka7 54.f4 1-0

[Event "17. Int. Offene Wiener Schachmeisterschaft 2011 A-
[Site "Grosser Festsaal im Wiener Rathaus"]
[Date "2011.08.14"]
[Round "2"]
[Board "1"]
[White "Poettinger, Harald"]
[Black "Schroll, Gerhard"]
[Result "0-1"]
[WhiteElo "2184"]
[BlackElo "2414"]
[PlyCount "88"]
[EventDate "2011.08.13"]
[EventRounds "9"]
[EventCountry "AUT"]

1.c4 e6 2.g3 d5 3.Bg2 Nf6 4.Nf3 Be7 5.O-O d4 6.e3 Nc6 7.exd4 O-O 8.d3 Nxd4
9.Nxd4 Qxd4 10.Qe2 e5 11.Be3 Qg4 12.f3 Qg6 13.Nc3 Bf5 14.Rad1 Rad8 15.Ne4 b6
16.Nf2 Rfe8 17.Bh3 Bxh3 18.Nxh3 Nd7 19.d4 exd4 20.Nf4 Qg5 21.Bxd4 Bd6 22.Qg2
Bxf4 23.gxf4 Qxg2+ 24.Kxg2 c5 25.Bc3 Nb8 26.Kf2 Kf8 27.Rg1 f6 28.b4 cxb4
29.Bxb4+ Kf7 30.Bd6 Nc6 31.c5 b5 32.Rd3 a5 33.a3 Rd7 34.Rb1 Rb7 35.f5 Rc8 36.Ke3
a4 37.Ke4 b4 38.axb4 Rxb4+ 39.Rxb4 Nxb4 40.Rd4 Re8+ 41.Kf4 Nc6 42.Rxa4 g5+
43.Kg4 h5+ 44.Kxh5 Rh8+ 0-1

[Event "17. Int. Offene Wiener Schachmeisterschaft 2011 A-
[Site "Grosser Festsaal im Wiener Rathaus"]
[Date "2011.08.14"]
[Round "2"]
[Board "1"]
[White "Barle, Janez"]
[Black "Wenninger, Philipp"]
[Result "1/2-1/2"]
[WhiteElo "2410"]
[BlackElo "2149"]
[PlyCount "74"]
[EventDate "2011.08.13"]
[EventRounds "9"]
[EventCountry "AUT"]

1.e4 c6 2.d3 d5 3.Nd2 e5 4.Ngf3 Bd6 5.g3 Nf6 6.Bg2 O-O 7.O-O Bg4 8.h3 Bh5 9.Re1
Nbd7 10.c3 Re8 11.Qc2 Qc7 12.Nh4 dxe4 13.dxe4 Rad8 14.Nf5 Bf8 15.b4 a5 16.bxa5
Qxa5 17.Nc4 Qc7 18.a4 Nc5 19.Bg5 Re6 20.a5 h6 21.Be3 Bg6 22.Red1 Ree8 23.f3 Bxf5
24.exf5 Nd5 25.Bf2 b5 26.axb6 Nxb6 27.Nxb6 Qxb6 28.Bf1 Qc7 29.Kh2 Bd6 30.Bc4 Qe7
31.Ra2 Bb8 32.Rxd8 Rxd8 33.Qe2 Nb7 34.Kg2 Nd6 35.Bd3 Qf6 36.Rd2 Bc7 37.Be4 Nxe4 1/2-1/2

[Event "17. Int. Offene Wiener Schachmeisterschaft 2011 A-
[Site "Grosser Festsaal im Wiener Rathaus"]
[Date "2011.08.14"]
[Round "2"]
[Board "1"]
[White "Soederberg, Per"]
[Black "Danner, Georg"]
[Result "1/2-1/2"]
[WhiteElo "2183"]
[BlackElo "2401"]
[PlyCount "150"]
[EventDate "2011.08.13"]
[EventRounds "9"]
[EventCountry "AUT"]

1.e4 c5 2.Nf3 Nc6 3.Bb5 Nd4 4.Nxd4 cxd4 5.c3 e6 6.O-O a6 7.Be2 Bc5 8.d3 Ne7
9.Nd2 Nc6 10.a4 O-O 11.Kh1 dxc3 12.bxc3 d5 13.d4 Be7 14.e5 f6 15.f4 fxe5 16.fxe5
Rxf1+ 17.Qxf1 Bd7 18.Qf3 Qf8 19.Nb3 Qxf3 20.gxf3 b6 21.Kg2 a5 22.Bb5 Rc8 23.Bd2
Be8 24.Bd3 Bg6 25.Bxg6 hxg6 26.Kf2 Rb8 27.Nc1 b5 28.axb5 Rxb5 29.Nd3 g5 30.Ra2
Kf7 31.Nb2 Kg6 32.Nd3 Kf5 33.h3 Rb3 34.Nb2 Kg6 35.Ke2 Rb8 36.Kf2 Rh8 37.Kg2 Ra8
38.Na4 Rb8 39.Kf2 Rb1 40.Nb2 Kf7 41.Be3 Ke8 42.Bd2 Kd7 43.Be3 Kc7 44.Bd2 Kb7
45.Be3 Ka6 46.Bd2 Kb5 47.Kg3 Ba3 48.Rxa3 Rxb2 49.Bxg5 a4 50.h4 Rb3 51.Bc1 Na5
52.Kg4 Rb1 53.Bg5 Nc4 54.Ra2 a3 55.Kh5 Ka4 56.Kg6 Rb7 57.h5 Kb3 58.Ra1 Kxc3
59.Bf6 gxf6 60.exf6 Kxd4 61.Rxa3 Nxa3 62.f7 Rb8 63.Kg7 Ke3 64.h6 d4 65.h7 d3
66.h8=Q Rxh8 67.Kxh8 d2 68.f8=Q d1=Q 69.Qxa3+ Kf4 70.Qf8+ Ke5 71.Kg7 Qg1+ 72.Kf7
Qa7+ 73.Kg6 Qg1+ 74.Kf7 Qa7+ 75.Kg6 Qg1+ 1/2-1/2

[Event "17. Int. Offene Wiener Schachmeisterschaft 2011 A-
[Site "Grosser Festsaal im Wiener Rathaus"]
[Date "2011.08.14"]
[Round "2"]
[Board "1"]
[White "Poetsch, Hagen"]
[Black "Fiderer, Lukas"]
[Result "1/2-1/2"]
[WhiteElo "2403"]
[BlackElo "2183"]
[PlyCount "65"]
[EventDate "2011.08.13"]
[EventRounds "9"]
[EventCountry "AUT"]

1.e4 e5 2.Nf3 Nc6 3.Bc4 Bc5 4.c3 Nf6 5.d3 a6 6.Bb3 Ba7 7.Nbd2 O-O 8.Nc4 d6 9.Bg5
h6 10.Bh4 Be6 11.Ne3 Bxe3 12.fxe3 Nb8 13.O-O Nbd7 14.Bc2 c6 15.d4 Qb6 16.b3 Bg4
17.Qe1 Rae8 18.Nd2 Bh5 19.Bxf6 Nxf6 20.Qh4 Bg6 21.Rf3 Qd8 22.Raf1 Nh7 23.Qg4 Qg5
24.Qh3 Qe7 25.Rg3 Qe6 26.Qxe6 Rxe6 27.d5 Re7 28.dxc6 bxc6 29.Bd3 d5 30.a4 a5
31.Be2 Nf6 32.exd5 cxd5 33.c4 1/2-1/2

[Event "17. Int. Offene Wiener Schachmeisterschaft 2011 A-
[Site "Grosser Festsaal im Wiener Rathaus"]
[Date "2011.08.14"]
[Round "2"]
[Board "1"]
[White "Zeller, Frank"]
[Black "Jussupow, Ekaterina"]
[Result "1-0"]
[WhiteElo "2395"]
[BlackElo "2177"]
[PlyCount "91"]
[EventDate "2011.08.13"]
[EventRounds "9"]
[EventCountry "AUT"]

1.e4 d5 2.exd5 Qxd5 3.Nc3 Qa5 4.d4 Nf6 5.Bd2 Qb6 6.Nf3 Bg4 7.h3 Bh5 8.g4 Bg6
9.Qe2 c6 10.O-O-O Na6 11.Ne5 O-O-O 12.Be3 Nd5 13.Nxd5 Rxd5 14.Nxg6 hxg6 15.Qc4
e6 16.Bg2 Rb5 17.d5 Bc5 18.dxc6 bxc6 19.Bxc5 Rxc5 20.Qa4 Nb4 21.c3 Nd5 22.Bxd5
cxd5 23.Qd4 f6 24.f4 Rc4 25.Qxb6 axb6 26.Rdf1 d4 27.Kc2 Rd8 28.Rf3 e5 29.fxe5
fxe5 30.b3 Rc6 31.Re1 Re8 32.Rd3 Rf8 33.Re2 e4 34.Rxd4 Rf3 35.c4 Rxh3 36.Rdxe4
Rg3 37.a4 Rf6 38.R2e3 Rg2+ 39.Kc3 g5 40.Re7 Rxg4 41.Rxg7 Kd8 42.Rh3 Rf8 43.Kb4
Rg1 44.Kb5 g4 45.Rd3+ Kc8 46.Kxb6 1-0

[Event "17. Int. Offene Wiener Schachmeisterschaft 2011 A-
[Site "Grosser Festsaal im Wiener Rathaus"]
[Date "2011.08.14"]
[Round "2"]
[Board "1"]
[White "Lekic, Dusan"]
[Black "Di Fonzo, Valerio"]
[Result "1-0"]
[WhiteElo "2378"]
[BlackElo "2168"]
[PlyCount "67"]
[EventDate "2011.08.13"]
[EventRounds "9"]
[EventCountry "AUT"]

1.d4 Nf6 2.c4 g6 3.Nc3 d5 4.cxd5 Nxd5 5.e4 Nxc3 6.bxc3 Bg7 7.Nf3 c5 8.Rb1 O-O
9.Be2 b6 10.O-O Bb7 11.Qd3 e6 12.Bg5 Qd6 13.Qe3 Rc8 14.Rfd1 cxd4 15.cxd4 Nd7
16.h4 Qf8 17.e5 h6 18.Bf4 a6 19.a4 Bc6 20.Qb3 Bd5 21.Qb2 Bc6 22.Ra1 Qd8 23.Rdc1
Bb7 24.Qd2 Rxc1+ 25.Rxc1 Kh7 26.h5 Rc8 27.hxg6+ fxg6 28.Qb4 Rxc1+ 29.Bxc1 Qc8
30.Be3 Bf8 31.Qb1 Be7 32.Bd3 Qc6 33.Bxg6+ Kg7 34.Be8 1-0

[Event "17. Int. Offene Wiener Schachmeisterschaft 2011 A-
[Site "Grosser Festsaal im Wiener Rathaus"]
[Date "2011.08.14"]
[Round "2"]
[Board "1"]
[White "Ballon, Guenther Jan"]
[Black "Jakovljevic, Vlado"]
[Result "0-1"]
[WhiteElo "2181"]
[BlackElo "2377"]
[PlyCount "50"]
[EventDate "2011.08.13"]
[EventRounds "9"]
[EventCountry "AUT"]

1.d4 Nf6 2.c4 e6 3.Nf3 Bb4+ 4.Bd2 c5 5.Bxb4 cxb4 6.Nbd2 O-O 7.e3 d6 8.Bd3 Re8
9.O-O e5 10.Qc2 Bg4 11.Ng5 h6 12.Nge4 exd4 13.exd4 Nc6 14.Nb3 a5 15.d5 Ne5 16.f3
Bh5 17.Ng3 Rc8 18.Rac1 b5 19.Nd2 bxc4 20.Nxc4 Bg6 21.Ne4 Nxe4 22.fxe4 Nxc4
23.Bxc4 Rxe4 24.Qb3 Qb6+ 25.Kh1 a4 0-1

[Event "17. Int. Offene Wiener Schachmeisterschaft 2011 A-
[Site "Grosser Festsaal im Wiener Rathaus"]
[Date "2011.08.14"]
[Round "2"]
[Board "1"]
[White "Ootes, Lars"]
[Black "Jeitz, Christian"]
[Result "1/2-1/2"]
[WhiteElo "2376"]
[BlackElo "2165"]
[PlyCount "111"]
[EventDate "2011.08.13"]
[EventRounds "9"]
[EventCountry "AUT"]

1.e4 c5 2.Nf3 Nc6 3.d4 cxd4 4.Nxd4 Nf6 5.Nc3 e6 6.Ndb5 Bb4 7.a3 Bxc3+ 8.Nxc3 d5
9.exd5 exd5 10.Bd3 O-O 11.O-O d4 12.Ne2 Bg4 13.Bg5 Qd6 14.Re1 Rfe8 15.Qd2 Bxe2
16.Bf4 Qd7 17.Bxe2 Ne4 18.Qd3 Qf5 19.g3 Qf6 20.Bf3 Nc5 21.Qb5 g5 22.Qxc5 gxf4
23.Qh5 fxg3 24.hxg3 Rad8 25.Be4 h6 26.Qf5 Qxf5 27.Bxf5 Kg7 28.Kf1 Kf6 29.Be4 Ne5
30.b3 b6 31.Rad1 a5 32.Bd3 Nxd3 33.Rxd3 Rxe1+ 34.Kxe1 Ke5 35.Rf3 f5 36.Kd2 Rd6
37.Rf4 Rc6 38.a4 Rc3 39.Rh4 Rc6 40.Rh1 Kd5 41.Rh4 Ke5 42.f3 Rg6 43.Rh3 Rc6
44.Rh5 Rc3 45.g4 Rxf3 46.gxf5 Rxf5 47.Rxh6 Rf2+ 48.Kd3 Rf3+ 49.Ke2 Rf6 50.Rh5+
Rf5 51.Rh8 Kd5 52.Rd8+ Kc5 53.Rc8+ Kd5 54.Rb8 Kc5 55.Rd8 Rh5 56.Rc8+ 1/2-1/2

[Event "17. Int. Offene Wiener Schachmeisterschaft 2011 A-
[Site "Grosser Festsaal im Wiener Rathaus"]
[Date "2011.08.14"]
[Round "2"]
[Board "1"]
[White "Schachinger, Mario"]
[Black "Zimmermann, Ulrich"]
[Result "1-0"]
[WhiteElo "2360"]
[BlackElo "2128"]
[PlyCount "61"]
[EventDate "2011.08.13"]
[EventRounds "9"]
[EventCountry "AUT"]

1.c4 Nf6 2.g3 c6 3.Nf3 d5 4.Bg2 dxc4 5.O-O Nbd7 6.Na3 Nb6 7.Qc2 Qd5 8.b3 cxb3
9.axb3 g6 10.Nc4 Nxc4 11.bxc4 Qh5 12.d4 Bg7 13.e4 O-O 14.e5 Nd7 15.h3 Qf5 16.Qb3
c5 17.g4 Qe6 18.Be3 cxd4 19.Bxd4 Nxe5 20.Bxe5 Bxe5 21.Rae1 Qb6 22.Qxb6 axb6
23.Nxe5 Ra5 24.Re3 Rc5 25.Rb1 Be6 26.Rxb6 Re8 27.Rxb7 Bxc4 28.Nxc4 Rxc4 29.Rexe7
Rxe7 30.Rxe7 Kg7 31.Rxf7+ 1-0

[Event "17. Int. Offene Wiener Schachmeisterschaft 2011 A-
[Site "Grosser Festsaal im Wiener Rathaus"]
[Date "2011.08.14"]
[Round "2"]
[Board "1"]
[White "Van Rosmalen, Joost"]
[Black "Schneider-Zinner, Harald"]
[Result "0-1"]
[WhiteElo "2177"]
[BlackElo "2346"]
[PlyCount "108"]
[EventDate "2011.08.13"]
[EventRounds "9"]
[EventCountry "AUT"]

1.e4 e5 2.Nf3 Nc6 3.d4 exd4 4.Nxd4 Nf6 5.Nxc6 bxc6 6.e5 Qe7 7.Qe2 Nd5 8.c4 Ba6
9.b3 O-O-O 10.Bb2 Qg5 11.h4 Qf5 12.Qd3 Bb4+ 13.Nd2 Qxd3 14.Bxd3 Nf4 15.Be4 d5
16.cxd5 cxd5 17.Bf5+ Kb7 18.g3 Nd3+ 19.Bxd3 Bxd3 20.a3 Be7 21.b4 a5 22.bxa5 c5
23.g4 h5 24.g5 Ka6 25.Rh3 Bf5 26.Rf3 Be6 27.a4 c4 28.Bd4 Bb4 29.Bb6 Rb8 30.Re3
Bxa5 31.Bd4 Bf5 32.Rf3 g6 33.Re3 Rhe8 34.Kd1 Re7 35.Rc1 Reb7 36.Ra3 Rb2 37.Bxb2
Rxb2 38.Nxc4 dxc4 39.Rxc4 Be6 40.Rc6+ Kb7 41.Rc5 Kb6 42.Rb5+ Rxb5 43.axb5 Kxb5
44.Ke2 Bc7 45.f4 Kc4 46.Kf3 Bb6 47.Ra4+ Kd5 48.Ra6 Bc5 49.Ra5 Kc4 50.Ra4+ Kd3
51.Ra1 Bb4 52.Rb1 Bd2 53.Kg3 Ke4 54.Rf1 Bg4 0-1

[Event "17. Int. Offene Wiener Schachmeisterschaft 2011 A-
[Site "Grosser Festsaal im Wiener Rathaus"]
[Date "2011.08.14"]
[Round "2"]
[Board "1"]
[White "Horstmann, Olaf"]
[Black "Vlcek, Stanislav"]
[Result "1/2-1/2"]
[WhiteElo "2166"]
[BlackElo "2335"]
[PlyCount "78"]
[EventDate "2011.08.13"]
[EventRounds "9"]
[EventCountry "AUT"]

1.e4 c5 2.Nc3 d6 3.g3 Nc6 4.Bg2 g6 5.d3 Bg7 6.f4 Rb8 7.Nf3 b5 8.O-O b4 9.Ne2 Qb6
10.Kh1 f5 11.a3 a5 12.axb4 axb4 13.Nd2 Nf6 14.Nc4 Qc7 15.e5 dxe5 16.fxe5 Ng4
17.Nf4 Ngxe5 18.Nd5 Qd8 19.Bf4 Be6 20.Nxe5 Nxe5 21.Re1 Bxd5 22.Bxe5 Bxg2+
23.Kxg2 Bxe5 24.Rxe5 Qc7 25.Qe2 Kf7 26.Qe3 Rbc8 27.Ra5 Rhd8 28.Raxc5 Qb7+ 29.Kg1
Rxc5 30.Qxc5 e6 31.Qc4 Qb6+ 32.Kg2 Rd4 33.Qb5 Qd6 34.Qb7+ Kf6 35.Re3 h5 36.h4
Qc5 37.Re2 Rd6 38.Qb8 Qc6+ 39.Kh2 Qb6 1/2-1/2

[Event "17. Int. Offene Wiener Schachmeisterschaft 2011 A-
[Site "Grosser Festsaal im Wiener Rathaus"]
[Date "2011.08.14"]
[Round "2"]
[Board "1"]
[White "Buljubasic, Sabahudin"]
[Black "Nickl, Klaus"]
[Result "1-0"]
[WhiteElo "2333"]
[BlackElo "2158"]
[PlyCount "61"]
[EventDate "2011.08.13"]
[EventRounds "9"]
[EventCountry "AUT"]

1.e4 e5 2.Nf3 Nc6 3.Bc4 Nf6 4.d3 Be7 5.O-O O-O 6.Re1 d6 7.a4 Be6 8.Nbd2 Nd7 9.c3
Bxc4 10.Nxc4 Bf6 11.a5 Re8 12.Ne3 Ne7 13.d4 c5 14.Nc4 Qc7 15.dxc5 dxc5 16.Qd6
Qxd6 17.Nxd6 Reb8 18.Rd1 Nf8 19.Be3 b6 20.Nc4 b5 21.Ncxe5 Bxe5 22.Nxe5 c4 23.a6
Rc8 24.f4 f6 25.Nf3 Ne6 26.Rd7 Rc7 27.Rad1 Rxd7 28.Rxd7 Nc6 29.f5 Ned8 30.Nd4
Rc8 31.Nxb5 1-0

[Event "17. Int. Offene Wiener Schachmeisterschaft 2011 A-
[Site "Grosser Festsaal im Wiener Rathaus"]
[Date "2011.08.14"]
[Round "2"]
[Board "1"]
[White "Froewis, Georg"]
[Black "Raber, Florian"]
[Result "1-0"]
[WhiteElo "2329"]
[BlackElo "2153"]
[PlyCount "79"]
[EventDate "2011.08.13"]
[EventRounds "9"]
[EventCountry "AUT"]

1.d4 d5 2.c4 c6 3.Nf3 e6 4.e3 f5 5.Bd3 Nf6 6.O-O Bd6 7.b3 Qe7 8.Bb2 O-O 9.Qc1
Ne4 10.Ba3 Bd7 11.Bxd6 Qxd6 12.Nc3 Be8 13.Ne5 Nd7 14.f4 Nxe5 15.dxe5 Qc5 16.Bxe4
fxe4 17.Ne2 Qe7 18.c5 b6 19.Qc3 Bd7 20.Rac1 b5 21.Nd4 a5 22.Qb2 Qe8 23.Rc2 Bc8
24.Rcf2 b4 25.a3 Ba6 26.Ra1 Qe7 27.Qc1 Bb7 28.Rfa2 g6 29.axb4 axb4 30.Rxa8 Rxa8
31.Rxa8+ Bxa8 32.Qa1 Bb7 33.Qa7 Qd7 34.Qb6 Qc8 35.Qxb4 Qa8 36.h3 Kf7 37.Qb6 Qc8
38.b4 Ke7 39.Qa7 Qa8 40.Nxc6+ 1-0

[Event "17. Int. Offene Wiener Schachmeisterschaft 2011 A-
[Site "Grosser Festsaal im Wiener Rathaus"]
[Date "2011.08.14"]
[Round "2"]
[Board "1"]
[White "Higatsberger, Michael"]
[Black "Georgiadis, Nico"]
[Result "0-1"]
[WhiteElo "2161"]
[BlackElo "2328"]
[PlyCount "82"]
[EventDate "2011.08.13"]
[EventRounds "9"]
[EventCountry "AUT"]

1.e4 c5 2.Nc3 Nc6 3.f4 g6 4.Nf3 Bg7 5.Bb5 Nd4 6.O-O a6 7.Bc4 e6 8.d3 Ne7 9.Nxd4
cxd4 10.Ne2 d5 11.Bb3 h5 12.Qe1 dxe4 13.dxe4 Bd7 14.Qf2 Bb5 15.Rd1 Bxe2 16.Qxe2
O-O 17.c3 Qb6 18.cxd4 Bxd4+ 19.Kh1 Rfd8 20.f5 exf5 21.Bg5 Bf6 22.Bxf6 Qxf6 23.e5
Qg7 24.Rd6 Nc6 25.Rad1 Kh7 26.Rd7 Rxd7 27.Rxd7 Rf8 28.e6 Nd4 29.Qd1 Nxb3 30.Qxb3
Re8 31.e7 b5 32.h3 Qf6 33.Qe3 f4 34.Qe4 Qe6 35.Qb7 f3 36.gxf3 Qxh3+ 37.Kg1 Qg3+
38.Kf1 Qh3+ 39.Kg1 Qe6 40.a3 h4 41.Qa7 Qe1+ 0-1

[Event "17. Int. Offene Wiener Schachmeisterschaft 2011 A-
[Site "Grosser Festsaal im Wiener Rathaus"]
[Date "2011.08.14"]
[Round "2"]
[Board "1"]
[White "Wallner, Joachim"]
[Black "Varga, Melinda"]
[Result "1-0"]
[WhiteElo "2328"]
[BlackElo "2152"]
[PlyCount "99"]
[EventDate "2011.08.13"]
[EventRounds "9"]
[EventCountry "AUT"]

1.Nf3 d5 2.d4 Nf6 3.c4 c6 4.Nc3 dxc4 5.a4 Bf5 6.e3 e6 7.Bxc4 Bb4 8.O-O O-O 9.Qe2
Bg4 10.Rd1 Nbd7 11.e4 Bxf3 12.Qxf3 e5 13.d5 Qc7 14.Bd2 Nc5 15.Bg5 Ne8 16.dxc6
bxc6 17.Qg4 Bxc3 18.bxc3 Kh8 19.Qe2 Nd6 20.f3 Rab8 21.Be3 Nd7 22.Ba2 Rfd8 23.Qf2
a5 24.Rd2 Nb6 25.Bxb6 Rxb6 26.Qc5 Nb7 27.Rxd8+ Qxd8 28.Qxe5 f6 29.Qd4 h6 30.h4
Qxd4+ 31.cxd4 Rb4 32.d5 c5 33.Rb1 Rxa4 34.Rxb7 Rxa2 35.Rb8+ Kh7 36.Rb5 c4 37.Rc5
Rc2 38.Rxa5 c3 39.h5 Rd2 40.Rc5 c2 41.Kh2 f5 42.Kg3 Kg8 43.Kf4 fxe4 44.fxe4 Rxg2
45.Ke5 Re2 46.d6 Kf7 47.Rc8 g5 48.hxg6+ Kxg6 49.d7 Rd2 50.Ke6 1-0

[Event "17. Int. Offene Wiener Schachmeisterschaft 2011 A-
[Site "Grosser Festsaal im Wiener Rathaus"]
[Date "2011.08.15"]
[Round "3"]
[Board "1"]
[White "Platzgummer, Fabian"]
[Black "Buhmann, Rainer"]
[Result "0-1"]
[WhiteElo "2311"]
[BlackElo "2582"]
[PlyCount "74"]
[EventDate "2011.08.13"]
[EventRounds "9"]
[EventCountry "AUT"]

1.c4 c6 2.Nf3 Nf6 3.g3 d5 4.Bg2 e6 5.O-O Nbd7 6.d4 Be7 7.Nbd2 O-O 8.Qc2 b6 9.e4
a5 10.Ne5 Bb7 11.Nxc6 Bxc6 12.cxd5 Bb5 13.dxe6 Bxf1 14.exf7+ Rxf7 15.Nxf1 Ng4
16.e5 Nf8 17.Ne3 Rc8 18.Qe2 Nxe3 19.Bxe3 Ng6 20.h4 Bf8 21.Rd1 Kh8 22.h5 Ne7
23.d5 Nf5 24.d6 Qe8 25.Bd5 Rd7 26.Bxb6 Rxd6 27.Bxa5 Rd7 28.Bc3 Rcd8 29.Qf3 Ne7
30.Bb3 Rxd1+ 31.Bxd1 Nc6 32.Ba4 Nd4 33.Bxd4 Qxa4 34.b4 Qxb4 35.Be3 Qb1+ 36.Kh2
Qxa2 37.h6 Qe6 0-1

[Event "17. Int. Offene Wiener Schachmeisterschaft 2011 A-
[Site "Grosser Festsaal im Wiener Rathaus"]
[Date "2011.08.15"]
[Round "3"]
[Board "1"]
[White "Degraeve, Jean-Marc"]
[Black "Stromboli, Carlo"]
[Result "1-0"]
[WhiteElo "2574"]
[BlackElo "2304"]
[PlyCount "99"]
[EventDate "2011.08.13"]
[EventRounds "9"]
[EventCountry "AUT"]

1.e4 e5 2.Nf3 Nc6 3.d4 exd4 4.Nxd4 Bb4+ 5.c3 Be7 6.Nf5 Bf6 7.Ne3 Nge7 8.Ng4 Bh4
9.g3 h5 10.Ne3 Bf6 11.h4 d6 12.Bg2 Ne5 13.Na3 g6 14.Nac2 Bd7 15.Nd4 Ng4 16.a4 a6
17.Ndc2 Rb8 18.Nb4 Bg7 19.O-O O-O 20.a5 Re8 21.Re1 Nc6 22.Nbd5 Nf6 23.Nxf6+ Bxf6
24.Nd5 Bg7 25.Bg5 f6 26.Bc1 Ne5 27.c4 Kh7 28.Qc2 Bg4 29.Ra3 Be6 30.Rd1 Nxc4
31.Qxc4 c6 32.Bf4 cxd5 33.exd5 Bg4 34.Rc1 Rc8 35.Qb4 Rxc1+ 36.Bxc1 Qd7 37.Bf4
Bf8 38.Rb3 Rb8 39.Qb6 Be7 40.Rc3 Rc8 41.Rxc8 Qxc8 42.Bxd6 Bxd6 43.Qxd6 Qc1+
44.Kh2 Qxb2 45.Qb6 Qe2 46.Qxf6 Qd2 47.d6 Bf5 48.Qe7+ Kh8 49.Qe5+ Kh7 50.Qd5 1-0

[Event "17. Int. Offene Wiener Schachmeisterschaft 2011 A-
[Site "Grosser Festsaal im Wiener Rathaus"]
[Date "2011.08.15"]
[Round "3"]
[Board "1"]
[White "Schnepp, Gunnar"]
[Black "Hertneck, Gerald"]
[Result "1/2-1/2"]
[WhiteElo "2300"]
[BlackElo "2551"]
[PlyCount "107"]
[EventDate "2011.08.13"]
[EventRounds "9"]
[EventCountry "AUT"]

1.e4 e6 2.d4 d5 3.Nc3 Nc6 4.Nf3 Nf6 5.Bg5 Be7 6.exd5 Nxd5 7.Ne4 f5 8.Bxe7 Qxe7
9.Ned2 e5 10.dxe5 Nxe5 11.Nxe5 Qxe5+ 12.Qe2 Qxe2+ 13.Bxe2 Be6 14.a3 O-O-O
15.O-O-O Nf4 16.Bf3 Rhe8 17.Rhe1 g5 18.g3 Nh3 19.Re2 Bd7 20.Rf1 g4 21.Rxe8 Rxe8
22.Bd1 h5 23.c4 Kd8 24.f3 Re5 25.Kc2 Ke7 26.Kd3 c5 27.b4 cxb4 28.axb4 b6 29.Kd4
Re6 30.fxg4 Rd6+ 31.Kc3 hxg4 32.Bc2 Rf6 33.Nb3 f4 34.gxf4 Nxf4 35.Bd3 Nxd3
36.Rxf6 Kxf6 37.Kxd3 Ke5 38.Nd4 a5 39.bxa5 bxa5 40.Nb3 a4 41.Nd2 Kf4 42.c5 a3
43.Kc3 a2 44.Kb2 Be6 45.c6 Ke3 46.Nf1+ Kf2 47.Ng3 Kg2 48.c7 Kxh2 49.Nh5 Bc8
50.Kxa2 Kh3 51.Nf6 g3 52.Nh5 g2 53.Nf4+ Kg3 54.Nxg2 1/2-1/2